000
00281nam a2200121Ia 4500
008
190216s9999||||xx |||||||||||||| ||und||
100
_a
Shivakumar
245
0
_a
Practical Statistics
260
_b
Sulthan Chand&Sons
_c
1984
300
_a
297p
650
_a
Statistics
942
_c
BK
999
_c
30851
_d
30851